000 00258nam a22001211a 4500
999 _c164074
_d164074
082 _aM2
_bBHA/O
100 _aBhasan
245 _aOorubhangam/
_cby Bhasan
260 _b
_c
_a
650 _aDrama Malayalam
650 _aLiterature Malayalam
942 _cBK